Normal view
MARC view
- Khedkar, B. D. and others
Entry Personal Name
001 - CONTROL NUMBER
- control field: 84207
003 - CONTROL NUMBER IDENTIFIER
- control field: OSt
005 - DATE AND TIME OF LATEST TRANSACTION
- control field: 20220806115029.0
008 - FIXED-LENGTH DATA ELEMENTS
- fixed length control field: 220806|| aca||aabn | a|a d
040 ## - CATALOGING SOURCE
- Original cataloging agency: OSt
- Transcribing agency: OSt
100 ## - HEADING--PERSONAL NAME
- Personal name: Khedkar, B. D. and others
670 ## - SOURCE DATA FOUND
- Source citation: Work cat.: (OSt)46348: Khedkar, B. D. and others, Business Economics (Macro), 2014